[Event "ODJM A 2025"]
[Site "Willingen GER"]
[Date "2025.06.11"]
[Round "5"]
[White "Heilig, Tim Markus"]
[Black "Hoffmann, Alexander"]
[Result "1/2-1/2"]
[Termination "normal"]
[Board "38"]
[WhiteElo "1926"]
[BlackElo "1907"]
[WhiteClock "00:01:47"]
[BlackClock "00:09:54"]
[PlyCount "74"]
[WhiteFideId "16295935"]
[BlackFideId "16240219"]
[EventCountry "GER"]
[EventRounds "9"]
[EventType "swiss"]
[EventDate "2025.06.07"]

1. e4 {[%clk 01:30:56]} {[%emt 00:00:03]} c5 {[%clk 01:30:43]} {[%emt
00:00:17]} 2. c3 {[%clk 01:31:06]} {[%emt 00:00:21]} d5 {[%clk 01:28:55]}
{[%emt 00:02:19]} 3. exd5 {[%clk 01:31:23]} {[%emt 00:00:13]} Qxd5 {[%clk
01:29:10]} {[%emt 00:00:14]} 4. Na3 {[%clk 01:31:23]} {[%emt 00:00:30]} Nf6
{[%clk 01:24:05]} {[%emt 00:05:34]} 5. Nf3 {[%clk 01:30:43]} {[%emt 00:01:10]}
e6 {[%clk 01:22:58]} {[%emt 00:01:37]} 6. d4 {[%clk 01:28:38]} {[%emt
00:02:35]} Be7 {[%clk 01:18:05]} {[%emt 00:05:22]} 7. Be3 {[%clk 01:23:15]}
{[%emt 00:05:54]} cxd4 {[%clk 01:15:50]} {[%emt 00:02:45]} 8. Nb5 {[%clk
01:21:42]} {[%emt 00:02:04]} Qd8 {[%clk 01:09:29]} {[%emt 00:06:51]} 9. Qxd4
{[%clk 01:17:35]} {[%emt 00:04:37]} Nc6 {[%clk 00:55:48]} {[%emt 00:14:11]} 10.
Qxd8+ {[%clk 01:15:12]} {[%emt 00:02:51]} Bxd8 {[%clk 00:51:08]} {[%emt
00:05:11]} 11. Nd6+ {[%clk 01:07:49]} {[%emt 00:07:54]} Kf8 {[%clk 00:50:44]}
{[%emt 00:00:55]} 12. Ng5 {[%clk 00:59:06]} {[%emt 00:09:11]} Be7 {[%clk
00:48:42]} {[%emt 00:02:32]} 13. Ngxf7 {[%clk 00:51:46]} {[%emt 00:07:50]} Rg8
{[%clk 00:45:32]} {[%emt 00:03:39]} 14. Nxc8 {[%clk 00:45:26]} {[%emt
00:06:51]} Kxf7 {[%clk 00:43:56]} {[%emt 00:02:07]} 15. Nxe7 {[%clk 00:43:28]}
{[%emt 00:02:28]} Nxe7 {[%clk 00:44:22]} {[%emt 00:00:04]} 16. O-O-O {[%clk
00:42:14]} {[%emt 00:01:44]} Ng4 {[%clk 00:42:50]} {[%emt 00:02:02]} 17. Bc5
{[%clk 00:37:38]} {[%emt 00:05:06]} Rgc8 {[%clk 00:39:08]} {[%emt 00:04:13]}
18. Be2 {[%clk 00:35:57]} {[%emt 00:02:09]} Rxc5 {[%clk 00:36:32]} {[%emt
00:03:05]} 19. Bxg4 {[%clk 00:35:22]} {[%emt 00:01:05]} Rc7 {[%clk 00:35:15]}
{[%emt 00:01:49]} 20. Rd3 {[%clk 00:29:55]} {[%emt 00:05:56]} Nd5 {[%clk
00:33:32]} {[%emt 00:02:13]} 21. Rhd1 {[%clk 00:23:54]} {[%emt 00:06:30]} Nf6
{[%clk 00:32:37]} {[%emt 00:01:26]} 22. Bf3 {[%clk 00:21:51]} {[%emt 00:02:33]}
Ke7 {[%clk 00:30:40]} {[%emt 00:02:27]} 23. g3 {[%clk 00:18:36]} {[%emt
00:03:44]} Rf8 {[%clk 00:30:03]} {[%emt 00:01:08]} 24. R1d2 {[%clk 00:17:09]}
{[%emt 00:01:57]} Rfc8 {[%clk 00:26:27]} {[%emt 00:04:07]} 25. Re2 {[%clk
00:15:12]} {[%emt 00:02:26]} Kf7 {[%clk 00:25:56]} {[%emt 00:01:02]} 26. h4
{[%clk 00:13:39]} {[%emt 00:02:02]} Re7 {[%clk 00:18:08]} {[%emt 00:08:19]} 27.
g4 {[%clk 00:10:41]} {[%emt 00:03:27]} Rc4 {[%clk 00:16:17]} {[%emt 00:02:21]}
28. g5 {[%clk 00:07:11]} {[%emt 00:04:00]} Nd7 {[%clk 00:15:10]} {[%emt
00:01:37]} 29. h5 {[%clk 00:05:25]} {[%emt 00:02:16]} Rc5 {[%clk 00:14:56]}
{[%emt 00:00:45]} 30. Bg4 {[%clk 00:03:48]} {[%emt 00:02:07]} Rxg5 {[%clk
00:12:13]} {[%emt 00:03:13]} 31. Bxe6+ {[%clk 00:02:40]} {[%emt 00:01:38]} Rxe6
{[%clk 00:12:15]} {[%emt 00:00:28]} 32. Rxd7+ {[%clk 00:03:07]} {[%emt
00:00:03]} Ke8 {[%clk 00:12:37]} {[%emt 00:00:08]} 33. Red2 {[%clk 00:02:50]}
{[%emt 00:00:46]} Re7 {[%clk 00:12:13]} {[%emt 00:00:54]} 34. R7d5 {[%clk
00:02:09]} {[%emt 00:01:11]} Rxd5 {[%clk 00:11:40]} {[%emt 00:01:03]} 35. Rxd5
{[%clk 00:02:34]} {[%emt 00:00:06]} Rf7 {[%clk 00:11:21]} {[%emt 00:00:49]} 36.
Rc5 {[%clk 00:02:15]} {[%emt 00:00:49]} Rxf2 {[%clk 00:10:55]} {[%emt
00:00:55]} 37. a4 {[%clk 00:01:47]} {[%emt 00:00:58]} Re2 {[%clk 00:09:54]}
{[%emt 00:01:31]} 1/2-1/2

[Event "ODJM A 2025"]
[Site "Willingen GER"]
[Date "2025.06.11"]
[Round "6"]
[White "Kololli, Martin"]
[Black "Lutze, Max"]
[Result "1-0"]
[Termination "normal"]
[Board "1"]
[WhiteTitle "FM"]
[WhiteElo "2311"]
[BlackElo "2177"]
[WhiteClock "00:56:11"]
[BlackClock "00:33:03"]
[PlyCount "43"]
[WhiteFideId "12936910"]
[BlackFideId "34614850"]
[EventCountry "GER"]
[EventRounds "9"]
[EventType "swiss"]
[EventDate "2025.06.07"]

1. e4 {[%clk 01:30:57]} {[%emt 00:00:03]} c5 {[%clk 01:30:56]} {[%emt
00:00:05]} 2. c3 {[%clk 01:31:24]} {[%emt 00:00:03]} Nf6 {[%clk 01:31:22]}
{[%emt 00:00:04]} 3. e5 {[%clk 01:31:51]} {[%emt 00:00:03]} Nd5 {[%clk
01:31:47]} {[%emt 00:00:05]} 4. d4 {[%clk 01:32:18]} {[%emt 00:00:03]} cxd4
{[%clk 01:32:02]} {[%emt 00:00:15]} 5. Nf3 {[%clk 01:32:43]} {[%emt 00:00:06]}
d6 {[%clk 01:32:21]} {[%emt 00:00:10]} 6. cxd4 {[%clk 01:33:08]} {[%emt
00:00:05]} Nc6 {[%clk 01:32:12]} {[%emt 00:00:39]} 7. Bc4 {[%clk 01:33:30]}
{[%emt 00:00:07]} Nb6 {[%clk 01:32:35]} {[%emt 00:00:08]} 8. Bb5 {[%clk
01:33:51]} {[%emt 00:00:09]} Bd7 {[%clk 01:32:57]} {[%emt 00:00:08]} 9. Nc3
{[%clk 01:30:19]} {[%emt 00:04:02]} dxe5 {[%clk 01:32:14]} {[%emt 00:01:13]}
10. Nxe5 {[%clk 01:29:17]} {[%emt 00:01:32]} Nxe5 {[%clk 01:27:37]} {[%emt
00:05:07]} 11. dxe5 {[%clk 01:28:18]} {[%emt 00:01:28]} Bxb5 {[%clk 01:26:12]}
{[%emt 00:01:55]} 12. Nxb5 {[%clk 01:28:38]} {[%emt 00:00:10]} Qxd1+ {[%clk
01:25:20]} {[%emt 00:01:23]} 13. Kxd1 {[%clk 01:29:03]} {[%emt 00:00:04]} Rd8+
{[%clk 01:18:17]} {[%emt 00:07:33]} 14. Ke2 {[%clk 01:24:46]} {[%emt 00:04:49]}
a6 {[%clk 01:13:46]} {[%emt 00:05:00]} 15. Nc7+ {[%clk 01:10:20]} {[%emt
00:14:56]} Kd7 {[%clk 01:14:10]} {[%emt 00:00:06]} 16. Be3 {[%clk 01:10:44]}
{[%emt 00:00:07]} Nc4 {[%clk 01:07:14]} {[%emt 00:07:26]} 17. Rac1 {[%clk
01:01:40]} {[%emt 00:12:15]} b5 {[%clk 00:37:08]} {[%emt 00:30:37]} 18. Nxa6
{[%clk 00:58:21]} {[%emt 00:03:49]} Ra8 {[%clk 00:35:27]} {[%emt 00:02:11]} 19.
Rhd1+ {[%clk 00:57:43]} {[%emt 00:01:08]} Kc8 {[%clk 00:35:48]} {[%emt
00:00:08]} 20. a4 {[%clk 00:55:45]} {[%emt 00:02:28]} Rxa6 {[%clk 00:32:53]}
{[%emt 00:03:25]} 21. axb5 {[%clk 00:56:06]} {[%emt 00:00:10]} Ra4 {[%clk
00:33:03]} {[%emt 00:00:19]} 22. b3 {[%clk 00:56:11]} {[%emt 00:00:26]} 1-0

[Event "ODJM A 2025"]
[Site "Willingen GER"]
[Date "2025.06.11"]
[Round "6"]
[White "Köhler, Lukas"]
[Black "Kliashtornyi, Arkadii"]
[Result "1/2-1/2"]
[Termination "normal"]
[Board "2"]
[WhiteElo "2043"]
[BlackElo "2194"]
[WhiteClock "00:03:30"]
[BlackClock "00:15:47"]
[PlyCount "50"]
[WhiteFideId "16221990"]
[BlackFideId "34119698"]
[EventCountry "GER"]
[EventRounds "9"]
[EventType "swiss"]
[EventDate "2025.06.07"]

1. e4 {[%clk 01:30:40]} {[%emt 00:00:20]} c6 {[%clk 01:30:50]} {[%emt
00:00:12]} 2. d4 {[%clk 01:30:49]} {[%emt 00:00:20]} d5 {[%clk 01:31:14]}
{[%emt 00:00:05]} 3. e5 {[%clk 01:30:46]} {[%emt 00:00:33]} Bf5 {[%clk
01:31:37]} {[%emt 00:00:07]} 4. h4 {[%clk 01:30:31]} {[%emt 00:00:45]} h5
{[%clk 01:31:58]} {[%emt 00:00:09]} 5. Bd3 {[%clk 01:30:38]} {[%emt 00:00:23]}
Bxd3 {[%clk 01:32:23]} {[%emt 00:00:06]} 6. Qxd3 {[%clk 01:31:03]} {[%emt
00:00:04]} Qa5+ {[%clk 01:32:46]} {[%emt 00:00:07]} 7. Nd2 {[%clk 01:30:55]}
{[%emt 00:00:38]} e6 {[%clk 01:32:21]} {[%emt 00:00:56]} 8. Ngf3 {[%clk
01:30:34]} {[%emt 00:00:50]} c5 {[%clk 01:30:00]} {[%emt 00:02:52]} 9. O-O
{[%clk 01:04:52]} {[%emt 00:26:12]} Qa6 {[%clk 01:19:17]} {[%emt 00:11:12]} 10.
c4 {[%clk 00:45:29]} {[%emt 00:19:53]} Nc6 {[%clk 01:14:26]} {[%emt 00:05:21]}
11. dxc5 {[%clk 00:31:22]} {[%emt 00:14:37]} Bxc5 {[%clk 01:10:51]} {[%emt
00:04:05]} 12. Qb3 {[%clk 00:30:36]} {[%emt 00:01:15]} Nge7 {[%clk 01:05:32]}
{[%emt 00:05:50]} 13. cxd5 {[%clk 00:30:22]} {[%emt 00:00:44]} Nxd5 {[%clk
01:01:32]} {[%emt 00:04:30]} 14. Ne4 {[%clk 00:30:02]} {[%emt 00:00:49]} Be7
{[%clk 00:59:38]} {[%emt 00:02:25]} 15. Bg5 {[%clk 00:29:51]} {[%emt 00:00:40]}
Qb6 {[%clk 00:53:21]} {[%emt 00:06:48]} 16. Qc2 {[%clk 00:26:33]} {[%emt
00:03:48]} O-O {[%clk 00:49:16]} {[%emt 00:04:36]} 17. Bxe7 {[%clk 00:12:51]}
{[%emt 00:14:11]} Ndxe7 {[%clk 00:45:06]} {[%emt 00:04:40]} 18. Rad1 {[%clk
00:05:20]} {[%emt 00:08:01]} Nf5 {[%clk 00:34:48]} {[%emt 00:10:48]} 19. Nd6
{[%clk 00:04:04]} {[%emt 00:01:46]} Nce7 {[%clk 00:25:14]} {[%emt 00:10:04]}
20. Rd3 {[%clk 00:03:52]} {[%emt 00:00:41]} Nxd6 {[%clk 00:22:16]} {[%emt
00:03:29]} 21. Rxd6 {[%clk 00:04:04]} {[%emt 00:00:17]} Qb5 {[%clk 00:20:47]}
{[%emt 00:01:58]} 22. b3 {[%clk 00:02:40]} {[%emt 00:01:56]} Nf5 {[%clk
00:19:35]} {[%emt 00:01:41]} 23. Rd3 {[%clk 00:02:53]} {[%emt 00:00:18]} Qb4
{[%clk 00:17:36]} {[%emt 00:02:28]} 24. g3 {[%clk 00:03:01]} {[%emt 00:00:22]}
Rac8 {[%clk 00:16:49]} {[%emt 00:01:18]} 25. Qd2 {[%clk 00:03:30]} Qxd2 {[%clk
00:15:47]} {[%emt 00:01:31]} 1/2-1/2

[Event "ODJM A 2025"]
[Site "Willingen GER"]
[Date "2025.06.11"]
[Round "6"]
[White "Mimkes, Pavel"]
[Black "Mimkes, Antal"]
[Result "1/2-1/2"]
[Termination "normal"]
[Board "3"]
[WhiteElo "2064"]
[BlackElo "2074"]
[WhiteClock "01:04:10"]
[BlackClock "01:04:32"]
[PlyCount "46"]
[WhiteFideId "12990833"]
[BlackFideId "16265963"]
[EventCountry "GER"]
[EventRounds "9"]
[EventType "swiss"]
[EventDate "2025.06.07"]

1. e4 {[%clk 01:30:49]} {[%emt 00:00:10]} e5 {[%clk 01:30:31]} {[%emt
00:00:31]} 2. Nf3 {[%clk 01:31:05]} {[%emt 00:00:12]} Nc6 {[%clk 01:30:25]}
{[%emt 00:00:39]} 3. Bc4 {[%clk 01:31:26]} {[%emt 00:00:08]} Nf6 {[%clk
01:30:10]} {[%emt 00:00:45]} 4. d3 {[%clk 01:26:56]} {[%emt 00:05:00]} d5
{[%clk 01:25:13]} {[%emt 00:05:26]} 5. exd5 {[%clk 01:25:02]} {[%emt 00:02:26]}
Nxd5 {[%clk 01:25:09]} {[%emt 00:00:33]} 6. O-O {[%clk 01:24:46]} {[%emt
00:00:45]} Bc5 {[%clk 01:22:42]} {[%emt 00:02:58]} 7. Re1 {[%clk 01:23:53]}
{[%emt 00:01:22]} O-O {[%clk 01:21:31]} {[%emt 00:01:42]} 8. Nxe5 {[%clk
01:15:15]} {[%emt 00:09:08]} Nxe5 {[%clk 01:21:06]} {[%emt 00:00:56]} 9. Rxe5
{[%clk 01:15:35]} {[%emt 00:00:09]} Bxf2+ {[%clk 01:18:32]} {[%emt 00:03:05]}
10. Kxf2 {[%clk 01:13:18]} {[%emt 00:02:46]} Qh4+ {[%clk 01:17:14]} {[%emt
00:01:48]} 11. Kf1 {[%clk 01:12:22]} {[%emt 00:01:25]} Qf6+ {[%clk 01:16:50]}
{[%emt 00:00:55]} 12. Qf3 {[%clk 01:11:59]} {[%emt 00:00:53]} Qxe5 {[%clk
01:17:12]} {[%emt 00:00:09]} 13. Bxd5 {[%clk 01:11:31]} {[%emt 00:00:58]} c6
{[%clk 01:16:26]} {[%emt 00:01:15]} 14. Bb3 {[%clk 01:07:24]} {[%emt 00:04:36]}
Qxh2 {[%clk 01:12:24]} {[%emt 00:04:34]} 15. Nc3 {[%clk 01:06:41]} {[%emt
00:01:13]} a5 {[%clk 01:12:22]} {[%emt 00:00:32]} 16. a4 {[%clk 01:06:27]}
{[%emt 00:00:44]} Qh1+ {[%clk 01:11:59]} {[%emt 00:00:52]} 17. Kf2 {[%clk
01:06:15]} {[%emt 00:00:42]} Be6 {[%clk 01:08:56]} {[%emt 00:03:33]} 18. Rb1
{[%clk 01:04:47]} {[%emt 00:01:58]} Qh4+ {[%clk 01:08:07]} {[%emt 00:01:18]}
19. Kg1 {[%clk 01:03:44]} {[%emt 00:01:34]} Qe1+ {[%clk 01:06:40]} {[%emt
00:01:58]} 20. Kh2 {[%clk 01:03:44]} {[%emt 00:00:29]} Qh4+ {[%clk 01:06:03]}
{[%emt 00:01:07]} 21. Kg1 {[%clk 01:04:04]} {[%emt 00:00:11]} Qe1+ {[%clk
01:05:38]} {[%emt 00:00:54]} 22. Kh2 {[%clk 01:03:54]} {[%emt 00:00:40]} Qh4+
{[%clk 01:05:12]} {[%emt 00:00:57]} 23. Kg1 {[%clk 01:04:10]} {[%emt 00:00:12]}
Qe1+ {[%clk 01:04:32]} {[%emt 00:01:12]} 1/2-1/2

[Event "ODJM A 2025"]
[Site "Willingen GER"]
[Date "2025.06.11"]
[Round "6"]
[White "Weidenhöfer, Max"]
[Black "Vortmeier, Jan"]
[Result "1-0"]
[Termination "normal"]
[Board "4"]
[WhiteTitle "CM"]
[WhiteElo "2170"]
[BlackElo "2039"]
[WhiteClock "00:12:01"]
[BlackClock "00:27:32"]
[PlyCount "93"]
[WhiteFideId "16230566"]
[BlackFideId "16261321"]
[EventCountry "GER"]
[EventRounds "9"]
[EventType "swiss"]
[EventDate "2025.06.07"]

1. e4 {[%clk 01:30:58]} {[%emt 00:00:02]} e5 {[%clk 01:30:55]} {[%emt
00:00:05]} 2. Bc4 {[%clk 01:31:22]} {[%emt 00:00:07]} Nf6 {[%clk 01:31:18]}
{[%emt 00:00:07]} 3. d3 {[%clk 01:31:07]} {[%emt 00:00:46]} Bc5 {[%clk
01:31:38]} {[%emt 00:00:10]} 4. Nc3 {[%clk 01:31:13]} {[%emt 00:00:23]} O-O
{[%clk 01:31:53]} {[%emt 00:00:14]} 5. h3 {[%clk 01:30:35]} {[%emt 00:01:08]}
c6 {[%clk 01:30:38]} {[%emt 00:01:45]} 6. Nf3 {[%clk 01:20:00]} {[%emt
00:11:06]} d5 {[%clk 01:15:31]} {[%emt 00:15:37]} 7. exd5 {[%clk 01:17:32]}
{[%emt 00:02:59]} cxd5 {[%clk 01:15:55]} {[%emt 00:00:05]} 8. Bb3 {[%clk
01:17:08]} {[%emt 00:00:55]} d4 {[%clk 01:09:42]} {[%emt 00:06:42]} 9. Ne4
{[%clk 01:14:22]} {[%emt 00:03:14]} Bb4+ {[%clk 00:54:53]} {[%emt 00:15:19]}
10. Bd2 {[%clk 01:09:45]} {[%emt 00:05:08]} Bxd2+ {[%clk 00:55:08]} {[%emt
00:00:15]} 11. Nfxd2 {[%clk 01:01:12]} {[%emt 00:09:03]} Nd5 {[%clk 00:52:12]}
{[%emt 00:03:27]} 12. Qf3 {[%clk 00:52:52]} {[%emt 00:08:49]} Nf4 {[%clk
00:42:04]} {[%emt 00:10:39]} 13. Nc4 {[%clk 00:44:25]} {[%emt 00:08:57]} Nc6
{[%clk 00:37:27]} {[%emt 00:05:06]} 14. O-O-O {[%clk 00:39:11]} {[%emt
00:05:44]} Qe7 {[%clk 00:35:00]} {[%emt 00:02:57]} 15. g3 {[%clk 00:33:37]}
{[%emt 00:06:05]} Ne6 {[%clk 00:34:50]} {[%emt 00:00:40]} 16. Ncd6 {[%clk
00:28:58]} {[%emt 00:05:09]} Nc5 {[%clk 00:28:02]} {[%emt 00:07:18]} 17. Nxc8
{[%clk 00:22:59]} {[%emt 00:06:29]} Nxb3+ {[%clk 00:28:21]} {[%emt 00:00:12]}
18. cxb3 {[%clk 00:23:14]} {[%emt 00:00:14]} Rfxc8 {[%emt 00:02:24]} 19. Kb1
{[%emt 00:00:01]} a5 {[%clk 00:26:09]} {[%emt 00:00:47]} 20. a3 {[%clk
00:22:47]} {[%emt 00:01:27]} Ra6 {[%clk 00:20:11]} {[%emt 00:06:27]} 21. Rc1
{[%clk 00:22:28]} {[%emt 00:00:51]} Rb6 {[%clk 00:19:35]} {[%emt 00:01:04]} 22.
Ka2 {[%clk 00:21:41]} {[%emt 00:01:18]} Rb5 {[%clk 00:17:37]} {[%emt 00:02:28]}
23. Rc4 {[%clk 00:20:48]} {[%emt 00:01:23]} Ra8 {[%clk 00:16:41]} {[%emt
00:01:25]} 24. Rhc1 {[%clk 00:16:47]} {[%emt 00:04:33]} Qe6 {[%clk 00:12:55]}
{[%emt 00:04:15]} 25. h4 {[%clk 00:14:25]} {[%emt 00:02:53]} h6 {[%clk
00:10:00]} {[%emt 00:03:25]} 26. Nc5 {[%clk 00:12:54]} {[%emt 00:02:02]} Qe7
{[%clk 00:09:55]} {[%emt 00:00:34]} 27. Kb1 {[%clk 00:05:26]} {[%emt 00:07:59]}
Nd8 {[%clk 00:08:38]} {[%emt 00:01:47]} 28. Ka2 {[%clk 00:04:23]} {[%emt
00:01:33]} Ne6 {[%clk 00:08:14]} {[%emt 00:00:53]} 29. Ne4 {[%clk 00:04:26]}
{[%emt 00:00:27]} Qd8 {[%clk 00:07:29]} {[%emt 00:01:15]} 30. R1c2 {[%clk
00:03:10]} {[%emt 00:01:48]} Rd5 {[%clk 00:05:58]} {[%emt 00:01:59]} 31. Qh1
{[%clk 00:02:37]} {[%emt 00:01:04]} f5 {[%clk 00:05:53]} {[%emt 00:00:35]} 32.
Nc5 {[%clk 00:01:57]} {[%emt 00:01:10]} Nxc5 {[%clk 00:05:32]} {[%emt
00:00:50]} 33. Rxc5 {[%clk 00:02:26]} Rxc5 {[%clk 00:05:12]} {[%emt 00:00:51]}
34. Rxc5 {[%clk 00:02:56]} {[%emt 00:00:01]} Qd6 {[%clk 00:04:38]} {[%emt
00:01:04]} 35. Rb5 {[%clk 00:00:40]} {[%emt 00:02:46]} e4 {[%clk 00:04:03]}
{[%emt 00:01:05]} 36. dxe4 {[%clk 00:01:00]} {[%emt 00:00:11]} fxe4 {[%clk
00:04:01]} {[%emt 00:00:32]} 37. Qxe4 {[%clk 00:01:25]} {[%emt 00:00:04]} Rd8
{[%clk 00:03:31]} {[%emt 00:01:00]} 38. Qd3 {[%clk 00:01:03]} {[%emt 00:00:52]}
b6 {[%clk 00:03:40]} {[%emt 00:00:21]} 39. f4 {[%clk 00:01:21]} {[%emt
00:00:12]} Kh8 {[%clk 00:02:14]} {[%emt 00:01:56]} 40. Re5 {[%clk 00:00:44]}
{[%emt 00:01:07]} Qc6 {[%clk 00:00:39]} {[%emt 00:02:04]} 41. f5 {[%clk
00:21:41]} {[%emt 00:09:34]} Qd7 {[%clk 00:28:52]} {[%emt 00:02:16]} 42. g4
{[%clk 00:20:34]} {[%emt 00:01:37]} Qd6 {[%clk 00:27:48]} {[%emt 00:01:33]} 43.
Re6 {[%clk 00:19:24]} {[%emt 00:01:41]} Qf4 {[%clk 00:27:58]} {[%emt 00:00:20]}
44. Re4 {[%clk 00:16:44]} {[%emt 00:03:11]} Qf2 {[%clk 00:27:39]} {[%emt
00:00:48]} 45. g5 {[%clk 00:15:02]} {[%emt 00:02:13]} hxg5 {[%clk 00:27:33]}
{[%emt 00:00:36]} 46. hxg5 {[%clk 00:15:02]} {[%emt 00:00:31]} Kg8 {[%clk
00:27:32]} {[%emt 00:00:30]} 47. g6 {[%clk 00:12:01]} {[%emt 00:03:31]} 1-0

[Event "ODJM A 2025"]
[Site "Willingen GER"]
[Date "2025.06.11"]
[Round "6"]
[White "Ronsin, Corentin"]
[Black "Weber, Samuel"]
[Result "1/2-1/2"]
[Termination "normal"]
[Board "5"]
[BlackTitle "FM"]
[WhiteElo "2064"]
[BlackElo "2262"]
[WhiteClock "00:40:00"]
[BlackClock "00:30:14"]
[PlyCount "83"]
[WhiteFideId "34641742"]
[BlackFideId "12924008"]
[EventCountry "GER"]
[EventRounds "9"]
[EventType "swiss"]
[EventDate "2025.06.07"]

1. e4 {[%clk 01:30:57]} {[%emt 00:00:02]} c6 {[%clk 01:30:56]} {[%emt
00:00:05]} 2. d4 {[%clk 01:31:22]} {[%emt 00:00:05]} d5 {[%clk 01:31:22]}
{[%emt 00:00:04]} 3. exd5 {[%clk 01:31:47]} {[%emt 00:00:06]} cxd5 {[%clk
01:31:47]} {[%emt 00:00:04]} 4. Bd3 {[%clk 01:32:10]} {[%emt 00:00:07]} Nc6
{[%clk 01:32:12]} {[%emt 00:00:05]} 5. c3 {[%clk 01:32:34]} {[%emt 00:00:05]}
Qc7 {[%clk 01:32:39]} {[%emt 00:00:04]} 6. h3 {[%clk 01:31:13]} {[%emt
00:01:51]} g6 {[%clk 01:32:44]} {[%emt 00:00:25]} 7. Nf3 {[%clk 01:31:32]}
{[%emt 00:00:10]} Bf5 {[%clk 01:32:09]} {[%emt 00:01:06]} 8. O-O {[%clk
01:31:38]} {[%emt 00:00:23]} Nf6 {[%clk 01:25:49]} {[%emt 00:06:50]} 9. Re1
{[%clk 01:30:18]} {[%emt 00:01:48]} Bxd3 {[%clk 01:21:44]} {[%emt 00:04:38]}
10. Qxd3 {[%clk 01:28:51]} {[%emt 00:01:57]} e6 {[%clk 01:21:25]} {[%emt
00:00:49]} 11. Be3 {[%clk 01:22:36]} {[%emt 00:06:44]} Bg7 {[%clk 01:19:15]}
{[%emt 00:02:40]} 12. Nbd2 {[%clk 01:22:37]} {[%emt 00:00:28]} O-O {[%clk
01:19:40]} {[%emt 00:00:07]} 13. Rac1 {[%clk 01:11:57]} {[%emt 00:11:10]} Rfc8
{[%clk 01:13:16]} {[%emt 00:06:54]} 14. Bg5 {[%clk 01:08:27]} {[%emt 00:04:00]}
Nh5 {[%clk 01:05:26]} {[%emt 00:08:20]} 15. Qe3 {[%clk 01:03:34]} {[%emt
00:05:22]} Re8 {[%clk 01:05:28]} {[%emt 00:00:29]} 16. g4 {[%clk 01:00:06]}
{[%emt 00:03:57]} Nf6 {[%clk 01:03:20]} {[%emt 00:02:38]} 17. Bf4 {[%clk
00:56:13]} {[%emt 00:04:23]} Qb6 {[%clk 01:02:33]} {[%emt 00:01:18]} 18. Rb1
{[%clk 00:56:20]} {[%emt 00:00:22]} h5 {[%clk 00:57:04]} {[%emt 00:05:59]} 19.
Nh2 {[%clk 00:48:17]} {[%emt 00:08:33]} Rac8 {[%clk 00:52:08]} {[%emt
00:05:27]} 20. Ndf3 {[%clk 00:46:23]} {[%emt 00:02:22]} hxg4 {[%clk 00:50:04]}
{[%emt 00:02:36]} 21. hxg4 {[%clk 00:46:24]} {[%emt 00:00:28]} Ne4 {[%clk
00:50:02]} {[%emt 00:00:33]} 22. Ng5 {[%clk 00:41:52]} {[%emt 00:05:02]} Nxg5
{[%clk 00:48:03]} {[%emt 00:02:29]} 23. Bxg5 {[%clk 00:41:52]} {[%emt
00:00:29]} Qa6 {[%clk 00:46:12]} {[%emt 00:02:22]} 24. Nf3 {[%clk 00:39:28]}
{[%emt 00:02:53]} e5 {[%clk 00:30:45]} {[%emt 00:15:58]} 25. dxe5 {[%clk
00:36:50]} {[%emt 00:03:07]} f6 {[%clk 00:22:37]} {[%emt 00:08:38]} 26. Bh6
{[%clk 00:34:31]} {[%emt 00:02:50]} Nxe5 {[%clk 00:18:33]} {[%emt 00:04:34]}
27. Bxg7 {[%clk 00:33:36]} {[%emt 00:01:24]} Kxg7 {[%clk 00:12:21]} {[%emt
00:06:43]} 28. g5 {[%clk 00:32:48]} {[%emt 00:01:17]} Nf7 {[%clk 00:03:43]}
{[%emt 00:09:08]} 29. Qd4 {[%clk 00:31:52]} {[%emt 00:01:27]} Re4 {[%clk
00:03:33]} {[%emt 00:00:39]} 30. Rxe4 {[%clk 00:31:10]} {[%emt 00:01:12]} dxe4
{[%clk 00:04:00]} {[%emt 00:00:05]} 31. gxf6+ {[%clk 00:26:57]} {[%emt
00:04:43]} Qxf6 {[%clk 00:04:23]} {[%emt 00:00:07]} 32. Qxe4 {[%clk 00:27:04]}
{[%emt 00:00:22]} Kg8 {[%clk 00:02:20]} {[%emt 00:02:34]} 33. Re1 {[%clk
00:27:08]} {[%emt 00:00:25]} Rc5 {[%clk 00:02:23]} {[%emt 00:00:27]} 34. Qd4
{[%clk 00:22:57]} {[%emt 00:04:42]} Qc6 {[%clk 00:02:37]} {[%emt 00:00:16]} 35.
Ne5 {[%clk 00:20:44]} {[%emt 00:02:42]} Qc7 {[%clk 00:01:50]} {[%emt 00:01:17]}
36. Nxf7 {[%clk 00:14:42]} {[%emt 00:06:34]} Kxf7 {[%clk 00:02:14]} {[%emt
00:00:05]} 37. Re3 {[%clk 00:14:34]} {[%emt 00:00:38]} Rf5 {[%clk 00:01:58]}
{[%emt 00:00:46]} 38. Rf3 {[%clk 00:13:10]} {[%emt 00:01:54]} Rxf3 {[%clk
00:01:23]} {[%emt 00:01:06]} 39. Qd5+ {[%clk 00:13:33]} {[%emt 00:00:06]} Kg7
{[%clk 00:01:34]} {[%emt 00:00:19]} 40. Qxf3 {[%clk 00:13:57]} {[%emt
00:00:05]} Qd7 {[%clk 00:01:36]} {[%emt 00:00:28]} 41. Kg2 {[%clk 00:13:19]}
{[%emt 00:01:08]} b6 {[%clk 00:30:14]} {[%emt 00:01:53]} 42. b3 {[%clk
00:40:00]} {[%emt 00:03:48]} 1/2-1/2